Institutional framework for public sector borrowing
Сохранить в:
| Соавтор: | |
|---|---|
| Формат: | |
| Опубликовано: |
Geneva :
UNITAR,
c2002.
|
| Предметы: | |
| Метки: |
Добавить метку
Нет меток, Требуется 1-ая метка записи!
|
MARC
| LEADER | 00000nam a22000007a 4500 | ||
|---|---|---|---|
| 020 | |a NA |c TZS 2,000/= | ||
| 040 | |a MUL |b eng |c MUL |e AACR | ||
| 082 | |a 332.041 UNI | ||
| 110 | |a UNITAR | ||
| 245 | |a Institutional framework for public sector borrowing | ||
| 260 | |a Geneva : |b UNITAR, |c c2002. | ||
| 300 | |a 28 p. ; |c 24 cm. | ||
| 546 | |a eng | ||
| 650 | |a Debt negotiations | ||
| 650 | |a Debts, Public | ||
| 650 | |a Finance, Public | ||
| 650 | |a Public debt management | ||
| 942 | |c CC | ||
| 999 | |c 8451 |d 8451 | ||